000 00317nam a22001337a 4500
008 181031b xxu||||| |||| 00| 0 eng d
020 _a007911167
041 _aeng
080 _23rd
_a616.12
100 _a7
101 _aKAR
245 _aFishman's Pulmonary Diseases and Disorders
_cFishman, A.P
942 _2udc
_cBK
999 _c51277
_d51277